000 00711nam a2200265Ia 4500
003 OSt
005 20220928130618.0
006 a|||||r|||| 00| 0
007 ta
008 220927b |||||||| |||| 00| 0 eng d
020 _cIndian Rupees 599
024 _a132308
037 _bGift, 04/01/2017,
_cTextual
040 _aSDCL
_cSDCL
_beng
041 _2eng
_aeng
082 _aC52, N9
100 _aJackson John David
_9423771
245 0 _aClassical electrodynamics
250 _a3rd
260 _aNew Delhi
_bWiley
_c2011
300 _axxi;808p.
_ccm.
650 _aGift
_9391569
942 _hC52, N9
_cTEXL
_2CC
999 _c787608
_d787608